Možnosti využitia daňových stimulov v daňovom manažmente podniku diplomová práca

Na minha lista:
Detalhes bibliográficos
Autor principal: Novotná, Mária
Autor Corporativo: Fakulta podnikového manažmentu EU. Katedra podnikových financií
Outros Autores: Vavrová, Katarína, 1960-
Formato: Livro
Idioma:eslovaco
Publicado em: Bratislava 2016
Tags: Adicionar Tag
Sem tags, seja o primeiro a adicionar uma tag!

MARC

LEADER 00000nbm a2200000 4500
001 0218551
005 20170220103246.2
041 0 |a slo 
044 |a SK 
245 1 0 |a Možnosti využitia daňových stimulov v daňovom manažmente podniku  |b diplomová práca  |c Mária Novotná ; školiteľ: Katarína Vavrová 
264 1 |a Bratislava  |c 2016 
300 |a 64 s. 
100 1 |a Novotná, Mária 
700 1 |a Vavrová, Katarína, 1960- 
710 2 |a Fakulta podnikového manažmentu EU. Katedra podnikových financií